000 00604nam a2200193Ia 4500
003 GCL
008 140319s9999 xx 000 0 ara d
040 _aGCL /
_cGCL
082 0 4 _a813.03
_bا ت
100 1 _aابراهيم الكونى
245 1 0 _aالتبر: رواية /
_cابراهيم الكونى
260 _a[S.N] :
_bالدار الجماهيرية للنشر والتوزيع والاعلان ،
_c1991
300 _a166 ص
490 _a
650 0 4 _aالادب العربى
650 0 4 _aالقصص العربية
650 0 4 _aالروايات العربية
942 _2ddc
_cBK
999 _c53310
_d53310